| 000 | 00628nam a2200229 a 4500 | ||
|---|---|---|---|
| 005 | 20210219152959.0 | ||
| 008 | 991125n 000 0 spa u | ||
| 035 | _aUPN01000070420 | ||
| 100 | 1 | _aHederich Martínez, Christian | |
| 222 | _aREVISTA COLOMBIANA DE EDUCACION | ||
| 245 | _aCultura y educación : hacia una pedagogía diferencial | ||
| 300 | _a99-105 | ||
| 362 | 0 | _a1992 No. 25 | |
| 653 | 0 | _aCULTURA | |
| 653 | 0 | _aEVALUACION EDUCATIVA | |
| 653 | 0 | _aMODELO EDUCATIVO | |
| 653 | 0 | _aPOLITICA EDUCATIVA | |
| 700 | 1 | _aCamargo Uribe, Angela, | |
| 700 | 1 | _ecoaut. | |
| 904 |
_aAC _b008231 |
||
| 905 | _aArticulo | ||
| 999 |
_c65360 _d65360 |
||